Countries by least Letter-Points per Letter - Statistics

General Stats
  • This quiz has been taken 15 times
  • The average score is 11 of 20
Answer Stats
LP/L Country % Correct
7.57 Algeria
92%
7 China
92%
7.4 India
92%
6.43 Bahamas
75%
7.4 Chile
75%
7.57 Bahrain
67%
4 Canada
67%
4 Chad
67%
6 Cambodia
58%
6.75 Cuba
58%
6.2 Ghana
42%
7.17 Greece
42%
6.86 Iceland
42%
5.43 Jamaica
42%
6.8 Madagascar
42%
5.71 Albania
33%
7.3 Bangladesh
33%
5.5 Gambia
33%
7.14 Grenada
33%
7 Namibia
33%
No matching quizzes found
Score Distribution
Percent of People with Each Score
Percentile by Number Answered
Your Score History
You have not taken this quiz